Metadata applications and management / (Record no. 196146)

MARC details
000 -LEADER
campo de control de longitud fija 01393nam a2200373 i 4500
001 - NÚMERO DE CONTROL
campo de control 196146
003 - IDENTIFICADOR DE NÚMERO DE CONTROL
campo de control ES-MaACL
005 - FECHA Y HORA DE LA ÚLTIMA TRANSACCIÓN
campo de control 20250502063018.0
008 - DATOS DE LONGITUD FIJA--INFORMACIÓN GENERAL
campo de control de longitud fija 240816s2004 xxk| ||| ||eng
016 7# - NÚMERO DE CONTROL DE UNA AGENCIA BIBLIOGRÁFICA NACIONAL
Número de control del registro bimoBNE20040133401
Fuente SpMaBN
020 ## - NÚMERO INTERNACIONAL ESTÁNDAR DEL LIBRO
Número Internacional Estándar del Libro 1856044742
035 ## - NÚMERO DE CONTROL DEL SISTEMA
Número de control de sistema (OCoLC)433643677
035 ## - NÚMERO DE CONTROL DEL SISTEMA
Número de control de sistema (SpMaBN)Mimo0001918786
035 ## - NÚMERO DE CONTROL DEL SISTEMA
Número de control de sistema 991058620469708606
040 ## - FUENTE DE CATALOGACIÓN
Centro catalogador/agencia de origen SpMaBN
Lengua de catalogación spa
Centro/agencia transcriptor SpMaBN
Normas de descripción rdc
080 ## - NÚMERO DE LA CLASIFICACIÓN DECIMAL UNIVERSAL
Número de la Clasificación Decimal Universal 025.3:004.738.5
245 00 - MENCIÓN DEL TÍTULO
Título Metadata applications and management /
Mención de responsabilidad, etc. edited by G.E. Gorman ; associate editor, Daniel G. Dorner.
260 ## - PUBLICACIÓN, DISTRIBUCIÓN, ETC.
Lugar de publicación, distribución, etc. London :
Nombre del editor, distribuidor, etc. Facet,
Fecha de publicación, distribución, etc. 2004.
300 ## - DESCRIPCIÓN FÍSICA
Extensión XXIV, 359 p. :
Dimensiones 24 cm.
336 ## - TIPO DE CONTENIDO
Fuente rdacontent
Término de tipo de contenido texto
337 ## - TIPO DE MEDIO
Fuente rdamedia
Nombre/término del tipo de medio sin mediación
338 ## - TIPO DE SOPORTE
Fuente rdacarrier
Nombre/término del tipo de soporte volumen
490 1# - MENCIÓN DE SERIE
Mención de serie International yearbook of library and information management ;
Designación de volumen o secuencia 2003-2004
504 ## - NOTA DE BIBLIOGRAFÍA, ETC.
Nota de bibliografía, etc. Incluye referencias bibliográficas e índice
650 #7 - PUNTO DE ACCESO ADICIONAL DE MATERIA--TÉRMINO DE MATERIA
Término de materia o nombre geográfico como elemento de entrada Metadatos
9 (RLIN) 175499
700 ## - ENTRADA AGREGADA--NOMBRE PERSONAL
Nombre de persona Gorman, G. E
9 (RLIN) 238382
Término indicativo de función/relación Editor literario
700 ## - ENTRADA AGREGADA--NOMBRE PERSONAL
Nombre de persona Dorner, Daniel G
9 (RLIN) 238383
Término indicativo de función/relación Editor literario
830 ## - PUNTO DE ACCESO ADICIONAL DE SERIE-TÍTULO UNIFORME
9 (RLIN) 238381
Título uniforme International yearbook of library and information management ;
Designación de volumen o secuencia 2003-2004
852 ## - LOCALIZACIÓN
Ubicación ES-MaACL
Sublocalización o colección R.134130
Ubicación en estantería Depósito J
Número de control de estantería N-9213
Encuadernación Encuadernación cartoné con sobrecubiertas
itemnumber 205163
942 ## - ELEMENTOS DE ENTRADA SECUNDARIOS (KOHA)
Tipo de ítem Koha Libro impreso
Suprimir en OPAC No
Holdings
Estatus retirado Estado de pérdida Fuente del sistema de clasificación o colocación Estado de daño No para préstamo Biblioteca de origen Biblioteca actual Ubicación en estantería Fecha de adquisición Fuente de adquisición Total de préstamos Signatura topográfica completa Código de barras Visto por última vez Precio de reemplazo Tipo de ítem Koha
    Clasificación decimal universal     Biblioteca del Ateneo de Madrid Biblioteca del Ateneo de Madrid Depósito J 30/04/2025 Compra   N-9213 101229953 30/04/2025 30/04/2025 Libro impreso